Online
Catalog

La sórdida telaraña de la mansedumbre : (Record no. 3283)

MARC details
000 -CABECERA
campo de control de longitud fija 01251nam a2200373 a 4500
001 - NÚMERO DE CONTROL
campo de control 000003453
003 - IDENTIFICADOR DEL NÚMERO DE CONTROL
campo de control DO-SdBNP
005 - FECHA Y HORA DE LA ÚLTIMA TRANSACCIÓN
campo de control 20250211081807.0
007 - CAMPO FIJO DE DESCRIPCIÓN FÍSICA--INFORMACIÓN GENERAL
campo de control de longitud fija ta
008 - DATOS DE LONGITUD FIJA--INFORMACIÓN GENERAL
campo de control de longitud fija 090709s2009 dr r 001 0 spa d
040 ## - FUENTE DE LA CATALOGACIÓN
Centro catalogador/agencia de origen DO-SdBNP
Lengua de catalogación spa
Centro/agencia transcriptor BNPHU
Normas de descripción rda
041 ## - CÓDIGO DE LENGUA
Código de lengua del texto/banda sonora o título independiente spa
082 #4 - NÚMERO DE LA CLASIFICACIÓN DECIMAL DEWEY
Número de clasificación RD863.44
Número de documento/Ítem G216s 2009
Número de edición 22
100 1# - ENTRADA PRINCIPAL--NOMBRE DE PERSONA
Nombre de persona García Romero, Rafael,
Fechas asociadas al nombre 1957-
Término indicativo de función/relación autor
Código de función/relación aut.
9 (RLIN) 1671
245 13 - MENCIÓN DE TÍTULO
Título La sórdida telaraña de la mansedumbre :
Resto del título cuentos /
Mención de responsabilidad, etc. Rafael García Romero.
250 ## - MENCIÓN DE EDICIÓN
Mención de edición Cuarta edición
264 #4 - PRODUCCIÓN, PUBLICACIÓN, DISTRIBUCIÓN, FABRICACIÓN Y COPYRIGHT
Producción, publicación, distribución, fabricación y copyright Santo Domingo :
Nombre del de productor, editor, distribuidor, fabricante CEDIBIL.
Fecha de producción, publicación, distribución, fabricación o copyright ©2009.
300 ## - DESCRIPCIÓN FÍSICA
Extensión 233 páginas ;
Dimensiones 22 cm.
336 ## - TIPO DE CONTENIDO
Término de tipo de contenido texto
Código de tipo de contenido txt
Fuente rdacontent
337 ## - TIPO DE MEDIO
Nombre/término del tipo de medio sin mediación
Código del tipo de medio n
Fuente rdamedia
338 ## - TIPO DE SOPORTE
Nombre/término del tipo de soporte volumen
Código del tipo de soporte nc
Fuente rdacarrier
490 1# - MENCIÓN DE SERIE
Mención de serie Ediciones CEDIBIL
Designación de volumen o secuencia 30
490 1# - MENCIÓN DE SERIE
Mención de serie Calímaco
Designación de volumen o secuencia 26
490 1# - MENCIÓN DE SERIE
Mención de serie Narrativa
Designación de volumen o secuencia 7
500 ## - NOTA GENERAL
Nota general Incluye datos biográficos del autor en la solapa de la cubierta
590 ## - NOTA LOCAL (RLIN)
Nota local Inventariado, 2020/BT
650 #4 - PUNTO DE ACCESO ADICIONAL DE MATERIA--TÉRMINO DE MATERIA
Término de materia o nombre geográfico como elemento de entrada Cuentos dominicanos
9 (RLIN) 176
650 #4 - PUNTO DE ACCESO ADICIONAL DE MATERIA--TÉRMINO DE MATERIA
Término de materia o nombre geográfico como elemento de entrada Literatura dominicana.
9 (RLIN) 67
710 2# - PUNTO DE ACCESO ADICIONAL--NOMBRE DE ENTIDAD CORPORATIVA
Nombre de entidad corporativa o nombre de jurisdicción como elemento de entrada Centro Dominicano de Investigaciones Bibliográficas
9 (RLIN) 1224
830 #0 - PUNTO DE ACCESO ADICIONAL DE SERIE-TÍTULO UNIFORME
Título uniforme Ediciones CEDIBIL
Número de parte o sección de la obra 30
9 (RLIN) 10764
830 #0 - PUNTO DE ACCESO ADICIONAL DE SERIE-TÍTULO UNIFORME
Título uniforme Calímaco
Designación de volumen o secuencia 26
Nombre de parte o sección de la obra Narrativo
Número de parte o sección de la obra 7
9 (RLIN) 10765
910 ## - DATOS DE OPCIÓN DEL USUARIO (OCLC)
Datos de opción del usuario Validado. Control de calidad. MMOLINA
942 ## - ELEMENTOS DE PUNTO DE ACCESO ADICIONAL (KOHA)
Fuente del sistema de clasificación o colocación Dewey Decimal Classification
Tipo de ítem Koha Libro
Holdings
Estado de retiro Estado de pérdida Fuente del sistema de clasificación o colocación Restricciones de uso No para préstamo Código de colección Localización permanente Ubicación/localización actual Ubicación en estantería Fecha de adquisición Total de préstamos Signatura topográfica completa Código de barras Fecha visto por última vez Número de copia Precio válido a partir de Tipo de ítem Koha Fuente de adquisición Nota pública
    Dewey Decimal Classification Préstamo en sala   Dominicana de Servicio Biblioteca Nacional Pedro Henríquez Ureña Biblioteca Nacional Pedro Henríquez Ureña Depósito 09.07.2009   BNPHU DS RD863.44 G216s 2009 3453-30 25.06.2020 e.3 25.06.2020 Libro    
    Dewey Decimal Classification Excluido de préstamo   Patrimonio Dominicano Biblioteca Nacional Pedro Henríquez Ureña Biblioteca Nacional Pedro Henríquez Ureña Depósito 09.07.2009   BNPHU PD RD863.44 G216s 2009 3453-10 25.06.2020   25.06.2020 Libro    
    Dewey Decimal Classification Excluido de préstamo   Patrimonio Dominicano Biblioteca Nacional Pedro Henríquez Ureña Biblioteca Nacional Pedro Henríquez Ureña Depósito 09.07.2009   BNPHU PD RD863.44 G216s 2009 3453-20 25.06.2020 e.2 25.06.2020 Libro    
    Dewey Decimal Classification Préstamo en sala   Dominicana de Servicio Biblioteca Nacional Pedro Henríquez Ureña Biblioteca Nacional Pedro Henríquez Ureña Depósito 10.02.2025   BNPHU DS RD863.44 G216s 2009 2025-0895 10.02.2025 e.4 10.02.2025 Libro Donado por la Presidencia de la República Dominicana 2023. Perteneció a la biblioteca personal de René Rodríguez Soriano.

Powered by Koha